Movies Quiz

Random Movies or Box Office Quiz

'70s Box Office Hits by Year Quiz Stats

Quiz Updated Aug 27, 2012

Challenge
Share
Tweet
Embed
Score 0/50 Timer 08:00
5 Plays Today
year Film % Correct
1976Rocky
93%
1972The Godfather
90.5%
1977Star Wars
86.5%
1978Grease
86.4%
1975Jaws
83.3%
1979Rocky II
78.9%
1979Star Trek: The Motion Picture
77%
1977Saturday Night Fever
71.1%
1975One Flew Over the Cuckoo's Nest
70.5%
1979Alien
69.9%
1970Love Story
68.3%
1979Kramer vs. Kramer
67.6%
1970Patton
66.4%
1973The Exorcist
65.5%
1973The Sting
64.1%
1978National Lampoon's Animal House
63.4%
1975The Rocky Horror Picture Show
60.6%
1971The French Connection
56.1%
1970M*A*S*H
54.9%
1974Young Frankenstein
54.1%
1974Blazing Saddles
53.3%
1979The Jerk
50%
1977Smokey and the Bandit
49.2%
1973The Way We Were
45.8%
1975Dog Day Afternoon
44.8%
year Film % Correct
1973American Graffiti
43.8%
1971Fiddler on the Roof
42.5%
1976All the President's Men
42.1%
1977Close Encounters of the Third Kind
40.5%
1978Jaws 2
39.5%
1972Deliverance
37.9%
1976A Star Is Born
37.7%
1977The Goodbye Girl
35.8%
1975Shampoo
31.7%
1978Superman
28.1%
1974The Towering Inferno
26.2%
1971Diamonds Are Forever
25.9%
1978Every Which Way But Loose
21.6%
1973Papillon
20.7%
1972The Poseidon Adventure
20.7%
1972What's Up Doc
19.6%
1976Silver Streak
18.4%
1970Airport
15.4%
1971Summer of '42
14.6%
1974Earthquake
14.4%
1971Billy Jack
13.9%
1972Jeremiah Johnson
12.9%
1976King Kong
9.2%
1970The Aristocats
7.2%
1974The Trial of Billy Jack
4.4%

You're not logged in!

Compare scores with friends on all Sporcle quizzes.
Sign Up with Email
OR
Log In

You Might Also Like...

Show Comments

Extras

Top Quizzes Today


Score Distribution

Your Account Isn't Verified!

In order to create a playlist on Sporcle, you need to verify the email address you used during registration. Go to your Sporcle Settings to finish the process.